Quiz wiedzy ogólnej #5 - Statystyki

Ogólne statystyki
  • Ten quiz został rozwiązany 4 355 razy
  • Średni wynik to 7 z 20
Statystyki odpowiedzi
Pytanie Odpowiedź % Poprawnych
Jeśli urodziłeś się 1 sierpnia, jaki jest twój znak zodiaku? Lew
75%
Przez większość książek Harrego Pottera, kto był dyrektorem w Hogwarcie? Albus Dumbledore
73%
Jaki międzynarodowy konkurs piosenki wygrały ABBA i Celine Dion? Eurowizja
71%
Jakie miasto było gospodarzem pierwszych nowoczesnych igrzysk olimpijskich w 1896 r.? Ateny
68%
Nie wliczając terytoriów zależnych, jakie jest państwo wysunięte najbardziej na południe? Chile
68%
Jak nazywał się kiedyś Mumbaj? Bombaj
63%
Wiele miast w Niemczech mają U-Bahn. Czym jest U-Bahn? Metrem
56%
Jaka gwiazda, oprócz słońca, wydaje się najjaśniejsza z Ziemi? Syriusz
26%
W Super Mario Bros., kto jest wrogiem Maria? Bowser
20%
W jakiej dyscyplinie sportu Nadia Comăneci była "perfekcyjna"? Gimnastyce
20%
Kto napisał powieść pt. "Nędznicy"? Victor Hugo
20%
Jakie są dwa "państwa-obserwatorzy" ONZ, które nie są pełnoprawnymi członkami? Palestyna
18%
Czym zajmuje się miksolog? Robieniem {koktajlów}
18%
Jakie są dwa "państwa-obserwatorzy" ONZ, które nie są pełnoprawnymi członkami? Watykan
17%
Jaki punkt orientacyjny znany jest również pod nazwą Ayers Rock? Uluru
13%
Jakie duże miasto ma inicjały HCMC? Ho Chi Minh City
11%
Jeśli coś jest "prêt-à-porter", to co można z tym zrobić od razu? Założyć na siebie
10%
Jaki muzyk zmarł w katastrofie lotniczej, razem z Ritchie Valens i The Big Bopperem? Buddy Holly
5%
III Symfonia "Eroica" Beethovena została skomponowana w tej tonacji Es-dur
5%
Jaki architekt zaprojektował muzeum Guggenheima w Nowym Jorku? Frank Lloyd Wright
4%
Nie znaleziono quizów pasujących do podanych kryteriów
Rozkład punktacji
Procent ludzi z każdym wynikiem
Percentyl według liczby udzielonych odpowiedzi
Twoja historia wyników
Nie rozwiązałeś tego quizu